Представление документа в формате RUSMARC

Поле Инд. ПП Название Значение
Тип записи a
Библиографический уровень a
001 Контрольный номер 366f78d6713d4811bfc3d3d441231249
005 Дата корректировки 20181120134549.7
100 a Данные общей обработки 20180302 ||| 0rusy0189 ca
101 0_ a Язык текста rus
102 a Страна публикации RU
200 1_ f Первые сведения об ответственности П. Макеев
a Заглавие О практике легализации самовольных построек и их сноса
b Общее обозначение материала Текст
210 d Дата издания 2018
461 _0 1 2000
a Жилищное право
463 _0 1 2000
a №1
v С. 7-46
1 2101
d 2018
1 0014df45e95c03b4cd289ddf1a7f86cbafc
606 a Основная рубрика Гражданское и торговое право
700 _1 a Фамилия Макеев
b Имя П.
801 _0 a Страна RU
b Организация РГУП
c Дата составления 20180302
g Правила каталогизации PSBO
801 _1 a Страна RU
b Организация РГУП
c Дата составления 20180302
g Правила каталогизации PSBO
901 t Тип документа b
w Контрольный № источника 4df45e95c03b4cd289ddf1a7f86cbafc
905 a Дата ввода 20180302